Giáo trình vi điều khiển
Giáo trình Vi điều khiển được biên soạn nhằm cung cấp cho sinh viên các khái niệm cơ bản
Gardado en:
| Formato: | Libro |
|---|---|
| Idioma: | Undetermined |
| Publicado: |
Hà Nội
Xây dựng
2015
|
| Những chủ đề: | |
| Các nhãn: |
Engadir etiqueta
Sen Etiquetas, Sexa o primeiro en etiquetar este rexistro!
|
| Thư viện lưu trữ: | Trung tâm Học liệu Trường Đại học Cần Thơ |
|---|
| LEADER | 00674nam a2200181Ia 4500 | ||
|---|---|---|---|
| 001 | CTU_227237 | ||
| 008 | 210402s9999 xx 000 0 und d | ||
| 020 | |c 80000 | ||
| 082 | |a 621.38133 | ||
| 082 | |b Gi108 | ||
| 245 | 0 | |a Giáo trình vi điều khiển | |
| 260 | |a Hà Nội | ||
| 260 | |b Xây dựng | ||
| 260 | |c 2015 | ||
| 520 | |a Giáo trình Vi điều khiển được biên soạn nhằm cung cấp cho sinh viên các khái niệm cơ bản | ||
| 650 | |a Programmable controllers,Programmable logic devices,Chương trình điều khiển | ||
| 904 | |i Tuyến | ||
| 980 | |a Trung tâm Học liệu Trường Đại học Cần Thơ | ||